Statistics for Ritual Lyrics-Ghost

Click here to take the quiz!

General Stats

  • This quiz has been taken 35 times
  • The average score is 140 of 151

Answer Stats

Answer% Correct
a
100%
altar
100%
and
100%
be
100%
bed
100%
cause
100%
chapel
100%
dead
100%
divine
100%
for
100%
from
100%
Human
100%
no
100%
of
100%
Of
100%
ritual
100%
sacrifices
100%
smells
100%
the
100%
This
100%
this
100%
To
100%
to
100%
Tonight
100%
in
96%
Our
96%
our
96%
summoned
96%
we're
96%
but
93%
Father
93%
future
93%
Hell
93%
loss
93%
master
93%
night
93%
On
93%
unholy
93%
art
89%
bastard
89%
Cursed
89%
daughters
89%
name
89%
Now
89%
now
89%
procreate
89%
sons
89%
Thy
89%
who
89%
celebrate
85%
come
85%
end
85%
Nema
85%
Nomads
85%
Remembrance
85%
Unhallowed
85%
all
81%
ancient
81%
angel
81%
die
81%
fallen
81%
invoking
81%
kingdom
81%
nemesis
81%
scrolls
81%
sky
81%
their
81%
these
81%
through
81%
Through
81%
are
78%
banished
78%
blame
78%
famines
78%
His
78%
pray
78%
Recite
78%
times
78%
vexed
78%
was
78%
rhymes
74%
text
74%
carried
70%
fiend
70%
pestilences
70%
Thine
70%
whom
70%
Beduins
67%

Score Distribution

Percentile by Number Answered

Percent of People with Each Score

Your Score History

You have not taken this quiz